|
|
|
|
| LEADER |
00000naa0a2200000 4500 |
| 001 |
591874 |
| 005 |
20250827120447.0 |
| 035 |
|
|
|a (RuTPU)RU\TPU\tpu\2804
|
| 035 |
|
|
|a TPU00002804
|
| 090 |
|
|
|a 591874
|
| 100 |
|
|
|a 20011210d1967 k||y0rusy50 ca
|
| 101 |
0 |
|
|a rus
|
| 102 |
|
|
|a RU
|
| 200 |
1 |
|
|a Литологические особенности четвертичных отложений южного Привасюганья в связи с их стратиграфическим расчленением и инженерно-геологической оценкой
|f Г. А. Сулакшина, Т. Г. Почепцова
|
| 461 |
|
1 |
|t Вопросы инженерно-геологических исследований
|
| 463 |
|
1 |
|t Сб. 2
|v С. 29-34
|d 1967
|
| 610 |
1 |
|
|a геолого-географические науки
|
| 610 |
1 |
|
|a труды учёных ТПУ
|
| 700 |
|
1 |
|a Сулакшина
|b Г. А.
|
| 701 |
|
1 |
|a Почепцова
|b Т. Г.
|
| 801 |
|
0 |
|a RU
|b 63413507
|c 20011210
|g PSBO
|
| 801 |
|
2 |
|a RU
|b 63413507
|c 20061003
|g PSBO
|
| 942 |
|
|
|c CR
|